00193nam a2200073Ia 4500008004100000050002000041100002200061245003600083230915s9999 xx 000 0 und d aLB1051.S66 2009 a SNOWMAN, JACK,  0aPSYCHOLOGY APPLIED TO TEACHING